000 00908nam a2200277Ia 4500
003 OSt
005 20221006153614.0
006 a|||||r|||| 00| 0
007 ta
008 221006b |||||||| |||| 00| 0 eng d
024 _a32,832
037 _cDissertations
040 _aEASL
_cEASL
_beng
041 _2eng
_aeng
082 _a0000135, SIN
100 _aSingh Teshu
_9550064
110 _aDelhi University. Social Sciences. East Asian Studies (Delhi India)
_9662442
245 0 _aChanging Chinese foreign policy towards the territorial dispute of the South China sea in the reform era
_b 1978-2006 Dr. Janardan Sahu
260 _c2007
300 _a125p.
_ccm.
490 _v Dis
650 _aDiss
700 _aDelhi University. Social Sciences. East Asian Studies (Delhi India)
_9662443
942 _h0000135, SIN
_cDIS
_2CC
999 _c1100918
_d1100918